000 00278nam a22001337a 4500
008 170829b xxu||||| |||| 00| 0 eng d
020 _a9780195384901
041 _aeng
080 _a070
100 _a39
101 _aMED
245 _aINTERPLAY
_cADLER,R.B
942 _2udc
_cBK
999 _c25446
_d25446